Delhi Judicial Service Examination: (Record no. 189438)
[ view plain ]
| 000 -LEADER | |
|---|---|
| fixed length control field | 00843nam a22002057a 4500 |
| 005 - DATE AND TIME OF LATEST TRANSACTION | |
| control field | 20220701124306.0 |
| 010 ## - LCCN (DPL NO) | |
| LC control number | B-744792 RP Aruna Nagar |
| 020 ## - INTERNATIONAL STANDARD BOOK NUMBER | |
| Terms of availability | 1200.00 |
| 035 ## - SYSTEM CONTROL NUMBER | |
| System control number | B-744792 |
| 037 ## - SOURCE OF ACQUISITION | |
| Source of stock number/acquisition | Pansy Books |
| 082 ## - DEWEY DECIMAL CLASSIFICATION NUMBER | |
| Classification number | 340.076 |
| 100 ## - MAIN ENTRY--PERSONAL NAME | |
| Personal name | Solanki, Anand Prakash |
| 245 ## - TITLE STATEMENT | |
| Title | Delhi Judicial Service Examination: |
| Remainder of title | Preliminary Examination Guide / |
| Statement of responsibility, etc | Anand Prakash Solanki |
| 250 ## - EDITION STATEMENT | |
| Edition statement | 2nd ed. |
| 260 ## - PUBLICATION, DISTRIBUTION, ETC. (IMPRINT) | |
| Place of publication, distribution, etc | Jodhpur |
| Name of publisher, distributor, etc | Global Publishing House |
| Date of publication, distribution, etc | 2022 |
| 270 ## - ADDRESS | |
| Address | B-38, krishna Nagar, New High Court Road, Pali Road |
| City | Jodhpur |
| Telephone number | 94141-27979 |
| Electronic mail address | globalbooksin@gmail.com |
| 300 ## - PHYSICAL DESCRIPTION | |
| Extent | 1100p. |
| Dimensions | 25cm(hbk) |
| 942 ## - ADDED ENTRY ELEMENTS (KOHA) | |
| Source of classification or shelving scheme | Dewey Decimal Classification |
| Item type | English Books |
| Call number suffix | SOL |
| Classification part | 340.076 |
| Withdrawn status | Lost status | Materials specified (bound volume or other part) | Not for loan | Collection code | Home library | Current library | Date acquired | Source of acquisition | Cost, normal purchase price | Full call number | Barcode | Copy number | Cost, replacement price | Koha item type |
|---|---|---|---|---|---|---|---|---|---|---|---|---|---|---|
| RP Books | Non-fiction | RC3 Aruna Nagar | RC3 Aruna Nagar | 01/07/2022 | Pansy Books/108/27.06.22/89/20.06.22/28.06.22 | 1200.00 | 340.076 SOL | B-744792 | 1 | 1200.00 | English Books |
